Marvel Heroes by Torso #2 - Statistics

General Stats
  • This quiz has been taken 23 times
  • The average score is 11 of 16
Answer Stats
Picture Answer % Correct
Captain America
100%
Daredevil
95%
Black Panther
86%
Moon Knight
86%
Scarlet Witch
86%
Beast
81%
Spider-Woman
81%
Invisible Woman
76%
Ant-Man
71%
Hercules
67%
Angel
62%
Medusa
57%
Mantis
52%
Tigra
52%
Swordsman
29%
Ulysses Bloodstone
19%
No matching quizzes found
Score Distribution
Percent of People with Each Score
Percentile by Number Answered
Your Score History
You have not taken this quiz